LEADER 01652nas a2200277 i 4500 001 000000002535 003 CaOOAMICUS 005 20230313142938.0 008 180830c19679999it ar p u0 0ita r 022 $a0078-253X 040 $aSeMil$bita 245 00$aNovarien. 260 $aNovara :$bAssociazione di storia ecclesiastica novarese,$c1967- 310 $aAnnuale 362 0 $a1967- 510 4 $aCod. rivista ACNP:$cP 82197 700 1 $aStoppa, Angelo Luigi,$d<1915-1998>.$0(OLS)http://semarc/name/2075 710 2 $aAssociazione di Storia della Chiesa Novarese.$0(OLS)http://semarc/name/2076 774 0 $tCattolicesimo liberale di Achille Marazza.$dNovara : Interlinea, 2022.$z978-88-6857-489-5$w()353098 850 $aSeMil 852 $aSeMil$W1$xVenegono$y1$pCliccare per visualizzare collocazione, posseduto cumulativo e fascicoli ricevuti dell?annata corrente

Cliccare per visualizzare eventuali spogli (alla eventuale voce ?Indici? in fondo di pagina)$B227470$CSeMilBibl$Z2$F227470 $85 961 $aCambio. Scuola Cattolica 996 $6022$a0078-253X$9(OLS)http://semarc/number/374 996 $6245$aNovarien$9(OLS)http://semarc/title/4289 996 $6260$aNovara :$bAssociazione di storia ecclesiastica novarese$9(OLS)http://semarc/publisher/30784 LEADER 01312nam a2200313 i 4500 001 000000198667 003 CaOOAMICUS 005 20210331113013.0 008 110308s2011 it u000 u ita u 013 $a177357 020 $a978-88-16-40952-1 040 $aSeMil$bita 100 1 $aPanikkar, Raimon,$d<1918-2010>.$0(OLS)http://semarc/name/777 245 10$a2: Religione e religioni /$cRaimon Panikkar. 264 1$aMilano :$bJaca Book,$c2011. 300 $aXVII, 484 p. ;$c24 cm. 490 0 $aDi fronte e attraverso ;$v952 650 4$aFilosofia della religione.$0(OLS)http://semarc/subject/504 650 4$aDio - Religione.$0(OLS)http://semarc/subject/13344 650 4$aReligione.$0(OLS)http://semarc/subject/3159 773 0 $aPanikkar, Raimon <1918-2010>$tOpera omnia.$dMilano : Jaca Book, 2008.$g2$w()17743 830 0$aDi fronte e attraverso ;$v952.$0(OLS)http://semarc/title/6486 850 $aSeMil 852 $aSeMil$W1$xVenegono$y1$m2R V 272$j149223$B149223$CSeMilBibl$Z2$F160609 $81 961 $aAcquisto: Jaca Book 996 $6020$a978-88-16-40952-1$9(OLS)http://semarc/number/190931 996 $6245$a2: Religione e religioni$9(OLS)http://semarc/title/423463 996 $6264$aMilano :$bJaca Book$9(OLS)http://semarc/publisher/29781